000 003290000a22001330004500
003 MACL
040 _aMACL
090 _c9054
_d9053
100 _aShastri, J L
245 _aBhagavata Purana
_bThe Ancient Indian Tradition & Mythology
260 _bMotilal Banarsidass Publishers
_c1988
650 _aReligion
942 _cBOOK
_k294.59
999 _c8999
_d8999